Mechanizmy participatívnej demokracie v EÚ diplomová práca

Enregistré dans:
Détails bibliographiques
Auteur principal: Čepčeková, Donáta
Collectivité auteur: Fakulta medzinárodných vzťahov EU. Katedra medzinárodných ekonomických vzťahov a hospodárskej diplomacie
Autres auteurs: Škvrnda, František
Format: Livre
Langue:slovaque
Publié: Bratislava 2018
Tags: Ajouter un tag
Pas de tags, Soyez le premier à ajouter un tag!

MARC

LEADER 00000nbm a2200000 4500
001 0244440
005 20180808081526.8
041 0 |a slo 
044 |a SK 
245 1 0 |a Mechanizmy participatívnej demokracie v EÚ  |b diplomová práca  |c Donáta Čepčeková ; školiteľ: František Škvrnda 
264 1 |a Bratislava  |c 2018 
300 |a 65 s. 
100 1 |a Čepčeková, Donáta 
700 1 |a Škvrnda, František 
710 2 |a Fakulta medzinárodných vzťahov EU. Katedra medzinárodných ekonomických vzťahov a hospodárskej diplomacie